Le 11 de départ du PSG face à l'OM - Statistiques

Statistiques générales
  • Ce quiz a été pris 48 fois
  • Le résultat moyen est 10 sur 11
Statistiques - réponses
Numéro Nom % Correct
14 Désiré Doué
100%
17 Vitinha
100%
51 Willian Pacho
100%
8 Fabian Ruiz
98%
30 Lucas Chevalier
98%
10 Ousmane Dembélé
98%
5 Marquinhos
95%
25 Nuno Mendes
95%
87 Joao Neves
93%
33 Warren Zaire-Emery
85%
7 Khvicha Kvaratskhelia
75%
Aucun quiz correspondant
Distribution des résultats
% des personnes avec chaque résultat
Percentile par nombre de réponses
Votre historique - résultats
Vous n’avez pas pris ce quiz